| 000 | 00483nam a2200169 a 4500 | ||
|---|---|---|---|
| 001 | 3580 | ||
| 003 | CO-ViMGA | ||
| 008 | 141112s2004 ck r 000 u spa d | ||
| 040 |
_aCO-ViMGA _bspa _cCO-ViMGA |
||
| 082 | 0 | 4 | _a664.07 P763 |
| 245 | 1 | 0 | _aProducción, análisis y control de calidad de aceites y grasas comestibles |
| 260 |
_aMadrid : _bAMV, _c1988 |
||
| 300 | _a322 p : il | ||
| 650 | 1 | 4 |
_aACEITES Y GRASAS _953478 |
| 650 | 1 | 4 | _aALIMENTOS - CONTROL DE CALIDAD |
| 942 |
_2ddc _cBK |
||
| 999 |
_c15622 _d15622 |
||